Lineamientos del plan nacional de desarrollo 1974-78
Distribución del ingreso, nivel educacional y características de la vivienda en Panamá en el año 1972. Caracteriza a los diferentes sectores de la sociedad panameña, tomando como indicadores: distribución del ingreso, nivel educacional, vivienda y grado nutricional. Utiliza la encuesta sobre ingreso...
Salvato in:
| Ente Autore: | |
|---|---|
| Natura: | Sconosciuto |
| Pubblicazione: |
Panamá:
Ministerio de Planificación y Política Económica
|
| Soggetti: | |
| Tags: |
Aggiungi Tag
Nessun Tag, puoi essere il primo ad aggiungerne!!
|
MARC
| LEADER | 00000 a2200000 04500 | ||
|---|---|---|---|
| 001 | 19528 | ||
| 003 | |||
| 008 | 991231s d | ||
| 040 | |||
| 090 | |a 077304 | ||
| 110 | |a Panamá. Ministerio de Planificación y Política Económica. Dirección de Planificación Económica y Social | ||
| 245 | |a Lineamientos del plan nacional de desarrollo 1974-78 | ||
| 260 | |a Panamá: |b Ministerio de Planificación y Política Económica | ||
| 520 | |a Distribución del ingreso, nivel educacional y características de la vivienda en Panamá en el año 1972. Caracteriza a los diferentes sectores de la sociedad panameña, tomando como indicadores: distribución del ingreso, nivel educacional, vivienda y grado nutricional. Utiliza la encuesta sobre ingresos realizada por la Dirección de Estadística en 1971. ALLLV | ||
| 650 | |a EDUCACION | ||
| 650 | |a VIVIENDA | ||
| 650 | |a SALUD | ||
| 650 | |a DISTRIBUCION DEL INGRESO | ||
| 999 | |c 11363 |d 11363 | ||
